000 00393nam a2200145Ia 4500
008 230711s9999||||xx |||||||||||||| ||und||
041 _aENG
082 _a720
_bAR-A
100 _aArco Colour Collection
245 0 _aArco Colour Architecture: New European Architecture
250 _a1st . . . Ed.
260 _c1996
_aNew York
_bArco Publishing Company
650 _aArchitecture
942 _cBK
999 _c3945
_d3945